| 000 | 00929cam a2200313 a 4500 | ||
|---|---|---|---|
| 001 | 16265494 | ||
| 003 | OSt | ||
| 005 | 20150804084258.0 | ||
| 008 | 100603s2011 ilua 000 0 eng | ||
| 010 | _a 2010023384 | ||
| 015 |
_aGBB0A4421 _2bnb |
||
| 016 | 7 |
_a015639079 _2Uk |
|
| 020 | _a9780736090360 (pbk.) | ||
| 020 | _a0736090363 (pbk.) | ||
| 035 | _a(OCoLC)ocn640917863 | ||
| 040 | _aSEKU | ||
| 050 | 0 | 0 |
_aRA 781.63 _b.B5 2011 |
| 100 | 1 | _aBlahnik, Jay. | |
| 245 | 1 | 0 |
_aFull-body flexibility _cJay Blahnik. |
| 250 | _a2nd ed. | ||
| 260 |
_aChampaign, IL : _bHuman Kinetics, _cc2011. |
||
| 300 |
_axvi, 255 p. : _bcol. ill. ; _c26 cm. |
||
| 500 | _a"The 3-step method for flexibility, mobility, and strength"--Cover. | ||
| 650 | 0 | _aStretching exercises. | |
| 650 | 2 |
_aExercise Movement Techniques _vPopular Works. |
|
| 650 | 2 |
_aMuscles _vPopular Works. |
|
| 650 | 2 |
_aExercise _vPopular Works. |
|
| 942 |
_2lcc _cGEN |
||
| 999 |
_c8133 _d8133 |
||